000 00341nam a2200133Ia 4500
008 191201s2013 xx 000 0 und d
100 _aGUPTA,J B
245 0 _aQuestion Bank in Electronics and Communication Engineering
250 _a1st
260 _aN. Delhi
_bS.K.Kataria
_c2013
300 _a782
650 _aB.Tech(ECE)
942 _2ddc
_cBK
999 _c102
_d102